[Event "Rheinland Pfalz Seniors op 21st"]
[Site "Altenkirchen"]
[Date "2024.09.11"]
[Round "9"]
[White "Stuch, Hans Ferdinand"]
[Black "Scheffler, Juergen"]
[Result "0-1"]
[WhiteElo "1671"]
[BlackElo "1655"]
[PlyCount "66"]
[EventDate "2024.09.03"]
[EventType "swiss"]
[EventRounds "9"]
[EventCountry "GER"]
[SourceTitle "EXT 2025"]
[Source "ChessBase"]
[SourceDate "2024.10.14"]
[SourceVersion "1"]
[SourceVersionDate "2024.10.14"]
[SourceQuality "1"]

1. e4 c5 2. Nc3 e6 3. Nf3 a6 4. d4 cxd4 5. Nxd4 b5 6. a3 Bb7 7. Be2 d6 8. 0-0 Nf6 9. Bg5 Be7 10. Qd3 Nbd7 11. b4 Ne5 12. Qd2 Nxe4 13. Nxe4 Bxe4 14. Bxe7 Qxe7 15. Bd3 Nxd3 16. cxd3 Bb7 17. Rac1 0-0 18. Nc6 Bxc6 19. Rxc6 Rfc8 20. Rfc1 Rxc6 21. Rxc6 Qb7 22. Qc3 h6 23. Rc7 Qb8 24. h3 d5 25. Qc5 Qf8 26. Qc6 Qe8 27. Qxe8+ Rxe8 28. Ra7 Rc8 29. Rxa6 Rc1+ 30. Kh2 Rc3 31. Ra5 Rxd3 32. a4 bxa4 33. Rxa4 Rb3 0-1

[Event "Rheinland Pfalz Seniors op 21st"]
[Site "Altenkirchen"]
[Date "2024.09.03"]
[Round "1"]
[White "Scheffler, Juergen"]
[Black "Haertner, Helmut"]
[Result "0-1"]
[WhiteElo "1655"]
[BlackElo "1924"]
[PlyCount "58"]
[EventDate "2024.09.03"]
[EventType "swiss"]
[EventRounds "9"]
[EventCountry "GER"]
[SourceTitle "EXT 2025"]
[Source "ChessBase"]
[SourceDate "2024.10.14"]
[SourceVersion "1"]
[SourceVersionDate "2024.10.14"]
[SourceQuality "1"]

1. d4 d5 2. c4 c6 3. Nc3 Nf6 4. Bg5 dxc4 5. e3 b5 6. b3 Qa5 7. Qc2 cxb3 8. Qxb3 Ne4 9. Rc1 Be6 10. Qc2 Nxc3 11. Qxc3 Qxc3+ 12. Rxc3 Bxa2 13. Nf3 f6 14. Bf4 e6 15. Bxb8 Bb4 16. Kd2 Bxc3+ 17. Kxc3 Rxb8 18. Bd3 b4+ 19. Kb2 b3 20. Rc1 Kd7 21. Be4 Rhc8 22. Nd2 a5 23. Nc4 a4 24. Na5 Rb6 25. Rc5 f5 26. Bf3 a3+ 27. Kxa3 b2 28. Bxc6+ Rcxc6 29. Kxa2 b1Q+ 0-1

[Event "Rheinland Pfalz Seniors op 20th"]
[Site "Altenkirchen"]
[Date "2023.09.13"]
[Round "9"]
[White "Scheffler, Juergen"]
[Black "Wolke, Reimund"]
[Result "1-0"]
[WhiteElo "1419"]
[BlackElo "1855"]
[PlyCount "53"]
[EventDate "2023.09.05"]
[EventType "swiss"]
[EventRounds "9"]
[EventCountry "GER"]
[SourceTitle "CBM 216 Extra"]
[Source "ChessBase"]
[SourceDate "2023.11.30"]
[SourceVersion "1"]
[SourceVersionDate "2023.11.30"]
[SourceQuality "1"]

1. d4 Nf6 2. c4 g6 3. Nc3 d5 4. Bg5 Ne4 5. Bf4 Bg7 6. e3 Nxc3 7. bxc3 c5 8. cxd5 cxd4 9. cxd4 Qxd5 10. Nf3 Nc6 11. a3 0-0 12. Be2 b6 13. 0-0 Bb7 14. Rc1 Na5 15. Rb1 Rac8 16. Rb5 Qa2 17. a4 Rc3 18. Rb1 Rfc8 19. Re1 Nb3 20. Bb5 a6 21. Bd7 Rd8 22. Bg4 Be4 23. Rxb3 Qxb3 24. Qxb3 Rxb3 25. Ra1 Bb7 26. Nd2 e6 27. Nxb3 1-0

[Event "Rheinland Pfalz Seniors op 20th"]
[Site "Altenkirchen"]
[Date "2023.09.08"]
[Round "4"]
[White "Scheffler, Juergen"]
[Black "Hehemann, Hein Peter"]
[Result "1-0"]
[WhiteElo "1419"]
[BlackElo "1466"]
[PlyCount "73"]
[EventDate "2023.09.05"]
[EventType "swiss"]
[EventRounds "9"]
[EventCountry "GER"]
[SourceTitle "CBM 216 Extra"]
[Source "ChessBase"]
[SourceDate "2023.11.30"]
[SourceVersion "1"]
[SourceVersionDate "2023.11.30"]
[SourceQuality "1"]

1. d4 e6 2. c4 d5 3. Nc3 Bb4 4. Qc2 Nf6 5. Bg5 Nbd7 6. e3 c6 7. Nf3 Be7 8. Bd3 h6 9. Bh4 Qc7 10. c5 Rb8 11. b4 b6 12. 0-0 bxc5 13. bxc5 0-0 14. Bg3 Qd8 15. Bxb8 Nxb8 16. Rab1 Nbd7 17. Qa4 Qc7 18. Ba6 e5 19. Bxc8 Rxc8 20. Qa6 exd4 21. exd4 Kh7 22. Rb7 Qd8 23. Rxa7 Nxc5 24. dxc5 Bxc5 25. Rxf7 d4 26. Na4 Bf8 27. Qd3+ Kg8 28. Rb7 c5 29. Qc4+ Kh8 30. Ne5 Kh7 31. Qd3+ Kg8 32. Ng6 c4 33. Qf5 Qd5 34. Qxc8 Qd6 35. Qxc4+ Qd5 36. Qxd5+ Nxd5 37. Nxf8 1-0

[Event "Altenkirchen Seniors op 19th"]
[Site "Altenkirchen"]
[Date "2022.07.23"]
[Round "5"]
[White "Scheffler, Juergen"]
[Black "Sombetzki, Detlef"]
[Result "1-0"]
[WhiteElo "1420"]
[BlackElo "1526"]
[PlyCount "35"]
[EventDate "2022.07.19"]
[EventType "swiss"]
[EventRounds "9"]
[EventCountry "GER"]
[SourceTitle "CBM 209 Extra"]
[Source "ChessBase"]
[SourceDate "2022.09.30"]
[SourceVersion "1"]
[SourceVersionDate "2022.09.30"]
[SourceQuality "1"]

1. d4 d5 2. c4 c6 3. Nc3 Nf6 4. Bg5 h6 5. Bh4 e6 6. e3 Nbd7 7. Nf3 Be7 8. Bd3 0-0 9. 0-0 b6 10. Rc1 Bb7 11. cxd5 exd5 12. Bb1 Re8 13. Qc2 Ne4 14. Nxe4 dxe4 15. Qxe4 g6 16. Qf4 g5 17. Qf5 gxh4 18. Qh7+ 1-0

[Event "Altenkirchen Seniors op 19th"]
[Site "Altenkirchen"]
[Date "2022.07.19"]
[Round "1"]
[White "Scheffler, Juergen"]
[Black "Schmieder, Siegfried"]
[Result "0-1"]
[WhiteElo "1420"]
[BlackElo "1884"]
[PlyCount "83"]
[EventDate "2022.07.19"]
[EventType "swiss"]
[EventRounds "9"]
[EventCountry "GER"]
[SourceTitle "CBM 209 Extra"]
[Source "ChessBase"]
[SourceDate "2022.09.30"]
[SourceVersion "1"]
[SourceVersionDate "2022.09.30"]
[SourceQuality "1"]

1. d4 f5 2. c4 g6 3. g3 Nf6 4. Bg2 Bg7 5. Nc3 d6 6. Bg5 h6 7. Bd2 Nc6 8. e3 0-0 9. Nge2 e5 10. dxe5 Nxe5 11. Nf4 g5 12. Nh5 c6 13. 0-0 Nxc4 14. Qb3 d5 15. Nxf6+ Qxf6 16. Qc2 Nxd2 17. Qxd2 f4 18. exf4 gxf4 19. Rab1 f3 20. Bh1 Bf5 21. Rbc1 h5 22. Bxf3 Bh6 23. Qd1 Bh3 24. Bg2 Bxg2 25. Kxg2 Bxc1 26. Qxc1 Rae8 27. Qd1 Qg6 28. Ne2 Qe4+ 29. Kg1 Qxe2 30. Qd4 Qe5 31. Qh4 Rf5 32. f4 Qf6 33. Qh3 Re7 34. Qg2 h4 35. Kh1 hxg3 36. hxg3 Rh5+ 37. Kg1 Qd4+ 38. Qf2 Qxf2+ 39. Rxf2 Reh7 40. Kg2 Rh2+ 41. Kf3 Rxf2+ 42. Kxf2 0-1

[Event "Altenkirchen Seniors op 18th"]
[Site "Altenkirchen"]
[Date "2021.07.08"]
[Round "7"]
[White "Jovi, Klaus"]
[Black "Scheffler, Juergen"]
[Result "0-1"]
[WhiteElo "1533"]
[BlackElo "1425"]
[PlyCount "112"]
[EventDate "2021.07.02"]
[EventType "swiss"]
[EventRounds "9"]
[EventCountry "GER"]
[SourceTitle "CBM 203 Extra"]
[Source "ChessBase"]
[SourceDate "2021.09.30"]
[SourceVersion "1"]
[SourceVersionDate "2021.09.30"]
[SourceQuality "1"]

1. Nf3 Nf6 2. g3 d5 3. Bg2 e6 4. c4 c6 5. b3 Nbd7 6. Bb2 Rb8 7. 0-0 Be7 8. cxd5 cxd5 9. d4 0-0 10. Nc3 a6 11. e3 b5 12. Rc1 Bb7 13. Ne2 Rc8 14. Ne5 Ne8 15. Nxd7 Qxd7 16. Qd2 Nf6 17. h3 Ba8 18. Rfd1 Qa7 19. b4 Qb8 20. a3 Bd6 21. Nc3 Rfd8 22. Rc2 Nd7 23. Rdc1 Nb6 24. Bf1 Nc4 25. Bxc4 dxc4 26. Re1 Be7 27. e4 h6 28. Qe3 Bf6 29. Ne2 Qb7 30. f3 Qb8 31. Bc3 Rd7 32. f4 Qb7 33. Nc1 Rcd8 34. Rd2 Be7 35. Kh2 f6 36. Qf2 Rf8 37. Re3 Bd8 38. Ne2 Bb6 39. Qg1 Rfd8 40. e5 fxe5 41. Rxe5 Re7 42. h4 Rf8 43. Rd1 Rf5 44. g4 Rxe5 45. fxe5 Qf3 46. Rd2 Rf7 47. h5 Be4 48. Ng3 Bd3 49. Qg2 Qxg4 50. Qa8+ Kh7 51. Qc6 Qh4+ 52. Kg2 Bd8 53. Qxe6 Qf4 54. Qd5 Bh4 55. e6 Qxg3+ 56. Kh1 Rf1# 0-1

[Event "RLP Seniors op 17th"]
[Site "Neustadt an der Weinstrasse"]
[Date "2019.07.24"]
[Round "5"]
[White "Scheffler, Juergen"]
[Black "Hauger, Albrecht"]
[Result "1-0"]
[WhiteElo "1411"]
[BlackElo "1426"]
[PlyCount "109"]
[EventDate "2019.07.20"]
[EventType "swiss"]
[EventRounds "9"]
[EventCountry "GER"]
[SourceTitle "CBM 192 Extra"]
[Source "Chessbase"]
[SourceDate "2019.11.06"]
[SourceVersion "1"]
[SourceVersionDate "2019.11.06"]
[SourceQuality "1"]

1. d4 Nf6 2. c4 e6 3. Nc3 c6 4. e4 d6 5. Nf3 g6 6. Bg5 Be7 7. Bd3 h6 8. Bh4 Nh5 9. Bxe7 Qxe7 10. Qd2 e5 11. d5 Bg4 12. Be2 Nd7 13. h3 Bxf3 14. Bxf3 Nhf6 15. dxc6 bxc6 16. Rb1 Rb8 17. 0-0 Kf8 18. b4 Kg7 19. Rfd1 Ne8 20. Qe3 Ndf6 21. a3 a6 22. Rd2 Nc7 23. Rbd1 Rbd8 24. Be2 c5 25. b5 a5 26. a4 Ne6 27. Nd5 Nxd5 28. cxd5 Nc7 29. Bc4 Na8 30. Qb3 Nb6 31. Bd3 Ra8 32. Rf1 Rhf8 33. f4 f6 34. Qc2 Rf7 35. g4 g5 36. fxe5 fxe5 37. Rxf7+ Qxf7 38. Rf2 Qe7 39. Qd1 Rf8 40. Rg2 Rf6 41. Bc2 Rf8 42. Qe1 Qe8 43. Qxa5 Qb8 44. Qc3 Qa8 45. a5 Nc8 46. b6 Qb7 47. Bd3 Qb8 48. Qb2 Rf7 49. Bb5 Qb7 50. Bc6 Qb8 51. b7 Na7 52. a6 Rf8 53. Rf2 Rxf2 54. Qxf2 Qc7 55. Qf5 1-0

[Event "Rheinland Pfalz op Seniors 16th"]
[Site "Neustadt an der Weinstrasse"]
[Date "2018.07.08"]
[Round "2"]
[White "Niebling, Ferdinand"]
[Black "Scheffler, Juergen"]
[Result "1-0"]
[WhiteElo "2065"]
[BlackElo "1477"]
[PlyCount "72"]
[EventDate "2018.07.07"]
[EventType "swiss"]
[EventRounds "9"]
[EventCountry "GER"]
[SourceTitle "EXT 2019"]
[Source "ChessBase"]
[SourceDate "2018.10.10"]
[SourceVersion "1"]
[SourceVersionDate "2018.10.10"]
[SourceQuality "1"]

1. e4 c5 2. Nc3 e6 3. f4 d6 4. Nf3 Nc6 5. d4 cxd4 6. Nxd4 a6 7. Be3 Nf6 8. Be2 Bd7 9. Qd2 e5 10. Nb3 b5 11. a3 Rc8 12. f5 Na5 13. Nxa5 Qxa5 14. 0-0 Bc6 15. Bf3 Qd8 16. Rad1 Ba8 17. g4 h6 18. Qf2 Rc4 19. Qg2 g5 20. Rd2 Be7 21. Rfd1 h5 22. gxh5 Nxh5 23. Be2 Rc6 24. Qh3 g4 25. Bxg4 Bg5 26. Bxh5 Bxe3+ 27. Qxe3 Rxh5 28. Rg2 Rh8 29. Nd5 Kd7 30. Qa7+ Ke8 31. Rg7 Rf8 32. Nf6+ Qxf6 33. Qxa8+ Kd7 34. Qb7+ Kd8 35. Qxc6 Qxg7+ 36. Kf2 f6 1-0

[Event "Rheinland Pfalz op Seniors 16th"]
[Site "Neustadt an der Weinstrasse"]
[Date "2018.07.07"]
[Round "1"]
[White "Scheffler, Juergen"]
[Black "Bachmann, Rolf"]
[Result "1/2-1/2"]
[WhiteElo "1477"]
[BlackElo "1936"]
[PlyCount "86"]
[EventDate "2018.07.07"]
[EventType "swiss"]
[EventRounds "9"]
[EventCountry "GER"]
[SourceTitle "EXT 2019"]
[Source "ChessBase"]
[SourceDate "2018.10.10"]
[SourceVersion "1"]
[SourceVersionDate "2018.10.10"]
[SourceQuality "1"]

1. d4 Nf6 2. c4 g6 3. Nc3 d5 4. cxd5 Nxd5 5. e3 Bg7 6. Nf3 0-0 7. Nxd5 Qxd5 8. b3 Bg4 9. Be2 c5 10. Bb2 Nc6 11. Rb1 cxd4 12. 0-0 e5 13. exd4 Bxf3 14. Bxf3 e4 15. Be2 Rfd8 16. Bc4 Qf5 17. d5 Ne5 18. Kh1 a6 19. a4 Rac8 20. Qe2 Re8 21. Rfd1 Qg4 22. Bxe5 Qxe2 23. Bxe2 Bxe5 24. Bc4 Bd6 25. Rb2 f5 26. Re2 Kf7 27. g3 g5 28. Kg2 Kf6 29. h3 h5 30. Rde1 Re5 31. f3 Bb4 32. Rd1 exf3+ 33. Kxf3 g4+ 34. hxg4 fxg4+ 35. Kg2 Rxe2+ 36. Bxe2 Rc2 37. Rf1+ Ke5 38. Kf2 Kxd5 39. Ke3 Rc3+ 40. Kf4 Bd6+ 41. Kg5 Rxb3 42. Kxh5 Rb4 43. Bxg4 Bxg3 1/2-1/2

[Event "Rheinland Pfalz op Seniors 15th"]
[Site "Neustadt an der Weinstrasse"]
[Date "2017.07.19"]
[Round "5"]
[White "Scheffler, Juergen"]
[Black "Van Houten, Henk"]
[Result "0-1"]
[WhiteElo "1518"]
[BlackElo "1662"]
[PlyCount "120"]
[EventDate "2017.07.15"]
[EventType "swiss"]
[EventRounds "9"]
[EventCountry "GER"]
[SourceTitle "EXT 2018"]
[Source "ChessBase"]
[SourceDate "2017.10.13"]
[SourceVersion "1"]
[SourceVersionDate "2017.10.13"]
[SourceQuality "1"]

1. d4 d5 2. Nf3 Nf6 3. c4 e6 4. cxd5 exd5 5. Bg5 Be7 6. e3 0-0 7. Bd3 Ne4 8. Bxe7 Qxe7 9. Nc3 f5 10. Qc2 c6 11. 0-0-0 Be6 12. Ne2 Nxf2 13. Rhf1 Nxd1 14. Qxd1 g6 15. Kb1 Nd7 16. h4 Nf6 17. Ng5 Bf7 18. Rf3 Ne4 19. Bxe4 dxe4 20. Rf2 Rad8 21. Qc1 h6 22. Nxf7 Rxf7 23. Rf4 g5 24. hxg5 hxg5 25. Rf1 Qd6 26. Rh1 Rh7 27. Rd1 Rh2 28. Qc4+ Kg7 29. g3 b5 30. Qc2 Rdh8 31. Rf1 Rh1 32. Qc1 Rxf1 33. Qxf1 Rf8 34. Qh1 Kg6 35. Qc1 Rf6 36. Qc2 Kg7 37. Qc3 Kh7 38. Qa5 Rf7 39. Qc3 Qd5 40. Qe1 Kg6 41. Nc3 Qc4 42. b3 Qd3+ 43. Kb2 Rh7 44. Nd1 Rh2+ 45. Nf2 b4 46. Kc1 Qc3+ 47. Qxc3 bxc3 48. Nd1 Rxa2 49. Nxc3 Rg2 50. d5 cxd5 51. Nxd5 Rxg3 52. b4 Kf7 53. Kd2 Rh3 54. Ke2 Ke6 55. Nc7+ Ke5 56. Nb5 Rh7 57. Nc3 Rc7 58. Na4 Kd5 59. Nc5 Rxc5 60. bxc5 Kxc5 0-1

[Event "Rheinland Pfalz op Seniors 14th"]
[Site "Neustadt an der Weinstrasse"]
[Date "2016.07.20"]
[Round "5"]
[White "Scheffler, Juergen"]
[Black "Micheel, Peter"]
[Result "0-1"]
[WhiteElo "1502"]
[BlackElo "1848"]
[PlyCount "102"]
[EventDate "2016.07.16"]
[EventType "swiss"]
[EventRounds "9"]
[EventCountry "GER"]
[SourceTitle "EXT 2019"]
[Source "ChessBase"]
[SourceDate "2018.10.10"]
[SourceVersion "1"]
[SourceVersionDate "2018.10.10"]
[SourceQuality "1"]

1. d4 Nf6 2. c4 e5 3. d5 Bb4+ 4. Bd2 Bxd2+ 5. Nxd2 d6 6. e4 0-0 7. Ngf3 Nbd7 8. b4 a5 9. a3 b6 10. Bd3 Bb7 11. 0-0 Qe7 12. Re1 Ra7 13. Qc2 Rfa8 14. Qb2 g6 15. Nb3 axb4 16. axb4 Qf8 17. Reb1 Rxa1 18. Rxa1 Rxa1+ 19. Nxa1 Qa8 20. Nc2 Qa4 21. Nd2 Kf8 22. Nb1 Ke7 23. Nc3 Qa8 24. Na3 Nh5 25. g3 Ng7 26. f3 f6 27. Bc2 Qa7 28. Nab5 Qb8 29. Qc1 Nf8 30. Ba4 Ba6 31. h4 Kf7 32. Na3 Bc8 33. Bc6 f5 34. Kh2 Bd7 35. Qd2 Ne8 36. Qh6 Bxc6 37. dxc6 Qa8 38. Nab5 Qxc6 39. Qg5 Qxc4 40. Nd5 Qxb5 41. Qe7+ Kg8 42. h5 Qd7 43. Qg5 Qf7 44. Ne7+ Kh8 45. exf5 Qf6 46. Qxf6+ Nxf6 47. hxg6 hxg6 48. fxg6 Kg7 49. Kh3 Nxg6 50. Nxg6 Kxg6 51. Kg2 Nd5 0-1

[Event "Rheinland Pfalz op Seniors 14th"]
[Site "Neustadt an der Weinstrasse"]
[Date "2016.07.18"]
[Round "3"]
[White "Scheffler, Juergen"]
[Black "Schroeder, Klaus"]
[Result "1/2-1/2"]
[WhiteElo "1502"]
[BlackElo "1868"]
[PlyCount "64"]
[EventDate "2016.07.16"]
[EventType "swiss"]
[EventRounds "9"]
[EventCountry "GER"]
[SourceTitle "EXT 2019"]
[Source "ChessBase"]
[SourceDate "2018.10.10"]
[SourceVersion "1"]
[SourceVersionDate "2018.10.10"]
[SourceQuality "1"]

1. d4 f5 2. g3 Nf6 3. Bg5 e6 4. c4 Be7 5. Nc3 d6 6. Bg2 0-0 7. Nh3 Nc6 8. 0-0 Rb8 9. Rc1 Qd7 10. Nf4 Nd8 11. Re1 Nf7 12. Bxf6 Bxf6 13. Nh5 Bg5 14. Rc2 b6 15. e4 Ba6 16. b3 Rbd8 17. exf5 exf5 18. Qf3 g6 19. Nf4 Bxf4 20. Qxf4 c6 21. d5 c5 22. Rce2 Rde8 23. Re6 Ne5 24. Qh4 Rxe6 25. dxe6 Qxe6 26. Bd5 Qxd5 27. Nxd5 Nf3+ 28. Kf1 Nxh4 29. gxh4 Rf7 30. Re8+ Kg7 31. Rd8 b5 32. Rxd6 Bb7 1/2-1/2

[Event "Rheinland Pfalz op Seniors 14th"]
[Site "Neustadt an der Weinstrasse"]
[Date "2016.07.17"]
[Round "2"]
[White "Lachat, Martin"]
[Black "Scheffler, Juergen"]
[Result "0-1"]
[WhiteElo "1543"]
[BlackElo "1502"]
[PlyCount "60"]
[EventDate "2016.07.16"]
[EventType "swiss"]
[EventRounds "9"]
[EventCountry "GER"]
[SourceTitle "EXT 2019"]
[Source "ChessBase"]
[SourceDate "2018.10.10"]
[SourceVersion "1"]
[SourceVersionDate "2018.10.10"]
[SourceQuality "1"]

1. c4 e5 2. Nc3 Nf6 3. Nf3 Nc6 4. d4 exd4 5. Nxd4 Bb4 6. Qd3 Ne5 7. Qe3 Qe7 8. Nf5 Nxc4 9. Qxe7+ Bxe7 10. Nxg7+ Kd8 11. e4 Ne5 12. Nf5 Bb4 13. Bg5 Be7 14. Nxe7 Kxe7 15. Bxf6+ Kxf6 16. Nd5+ Kg7 17. Nxc7 Rb8 18. Rd1 a6 19. Rd4 b5 20. Rd6 Nc6 21. Be2 Rd8 22. 0-0 Bb7 23. Rfd1 Rbc8 24. Rxd7 Rxd7 25. Rxd7 Ne5 26. Ne6+ Kf6 27. f4 Nxd7 28. Nd4 Bxe4 29. Bg4 Rc1+ 30. Kf2 Nc5 0-1

[Event "Rheinland Pfalz op Seniors 14th"]
[Site "Neustadt an der Weinstrasse"]
[Date "2016.07.16"]
[Round "1"]
[White "Scheffler, Juergen"]
[Black "Goris Schouwstra, Adry"]
[Result "0-1"]
[WhiteElo "1502"]
[BlackElo "1820"]
[PlyCount "76"]
[EventDate "2016.07.16"]
[EventType "swiss"]
[EventRounds "9"]
[EventCountry "GER"]
[SourceTitle "EXT 2019"]
[Source "ChessBase"]
[SourceDate "2018.10.10"]
[SourceVersion "1"]
[SourceVersionDate "2018.10.10"]
[SourceQuality "1"]

1. d4 d5 2. c4 e6 3. Nc3 Nf6 4. Nf3 Be7 5. Bg5 h6 6. Bh4 0-0 7. e3 a6 8. Bd3 dxc4 9. Bxc4 b5 10. Bd3 Bb7 11. 0-0 Nbd7 12. a3 Rc8 13. Rc1 c5 14. Bb1 cxd4 15. exd4 Re8 16. Ne5 Nf8 17. Qd3 Nd5 18. Bxe7 Qxe7 19. Rfe1 Nf4 20. Qg3 Nxg2 21. Re2 Nh4 22. Ng4 Nhg6 23. Rd1 Qg5 24. Ne4 Bxe4 25. Bxe4 f5 26. Nxh6+ Qxh6 27. Bb7 Rb8 28. Bc6 Red8 29. d5 f4 30. Qg4 Rd6 31. Rd3 Qh4 32. Qg2 Qf6 33. Rh3 e5 34. Rh5 f3 35. Qh3 fxe2 36. Qe3 Nf4 37. Rxe5 Qg6+ 38. Qg3 Qb1# 0-1